[Event "Girls U14 Polish Youth Championship"]
[Site "chess24.com"]
[Date "2018.04.30"]
[Round "2"]
[White "Sokol, Maria"]
[Black "Pieczewska, Gabriela"]
[Result "1-0"]
[Board "22"]
[WhiteElo "1401"]
[WhiteCountry "POL"]
[WhiteFideId "21823383"]
[WhiteEloChange "5"]
[BlackElo "1203"]
[BlackCountry "POL"]
[BlackFideId "1195158"]
[BlackEloChange "-5"]

1. e4 {[%clk 1:30:58]} e6 {[%clk 1:30:52]} 2. d3 {[%clk 1:31:23]} d5 {[%clk
1:31:16]} 3. Nd2 {[%clk 1:31:15]} c5 {[%clk 1:29:52]} 4. Ngf3 {[%clk 1:29:42]}
Nc6 {[%clk 1:28:42]} 5. g3 {[%clk 1:27:51]} Nf6 {[%clk 1:26:01]} 6. Bg2 {[%clk
1:26:50]} b5 {[%clk 1:21:34]} 7. O-O {[%clk 1:23:47]} a5 {[%clk 1:15:17]} 8. Re1
{[%clk 1:21:49]} Qb6 {[%clk 1:08:58]} 9. exd5 {[%clk 1:19:53]} Nxd5 {[%clk
1:08:01]} 10. Ne5 {[%clk 1:19:56]} Nxe5 {[%clk 0:55:09]} 11. Rxe5 {[%clk
1:19:08]} Bb7 {[%clk 0:54:57]} 12. Qe1 {[%clk 1:17:48]} g6 {[%clk 0:52:52]} 13.
Bxd5 {[%clk 1:09:51]} Bxd5 {[%clk 0:47:35]} 14. Rxd5 {[%clk 1:08:44]} Bg7 {[%clk
0:47:32]} 15. a4 {[%clk 1:07:42]} Qc6 {[%clk 0:45:23]} 16. Rg5 {[%clk 1:05:11]}
h5 {[%clk 0:43:50]} 17. axb5 {[%clk 1:05:02]} Qxb5 {[%clk 0:42:10]} 18. Nb3
{[%clk 1:05:25]} Qd7 {[%clk 0:39:58]} 19. Rxc5 {[%clk 1:02:44]} O-O {[%clk
0:36:52]} 20. Rcxa5 {[%clk 1:02:22]} Rac8 {[%clk 0:35:35]} 21. Ra7 {[%clk
1:01:55]} Qd5 {[%clk 0:34:53]} 22. R1a5 {[%clk 1:01:48]} Qf3 {[%clk 0:34:26]} 23.
Nd2 {[%clk 1:01:42]} Qg4 {[%clk 0:31:48]} 24. c3 {[%clk 1:01:30]} Rce8 {[%clk
0:26:55]} 25. f3 {[%clk 1:01:25]} Qh3 {[%clk 0:26:43]} 26. Qf1 {[%clk 1:01:47]}
Qxf1+ {[%clk 0:26:20]} 27. Kxf1 {[%clk 1:02:09]} Rc8 {[%clk 0:26:32]} 28. Ke2
{[%clk 1:02:13]} Rfd8 {[%clk 0:25:42]} 29. Rb7 {[%clk 1:01:33]} Bd4 {[%clk
0:23:39]} 30. Nf1 {[%clk 0:58:24]} Bxc3 {[%clk 0:20:01]} 31. bxc3 {[%clk
0:58:40]} Rxc3 {[%clk 0:20:27]} 32. Bd2 {[%clk 0:58:51]} Rcxd3 {[%clk 0:20:46]}
33. Raa7 {[%clk 0:59:13]} R3d5 {[%clk 0:18:55]} 34. Rxf7 {[%clk 0:59:31]} e5
{[%clk 0:18:30]} 35. Rg7+ {[%clk 0:59:53]} Kf8 {[%clk 0:18:31]} 36. Bb4+ {[%clk
1:00:09]} R5d6 {[%clk 0:18:34]} 37. Bxd6+ {[%clk 1:00:13]} Rxd6 {[%clk 0:19:01]}
38. Rgf7+ {[%clk 1:00:34]} Kg8 {[%clk 0:19:18]} 39. Rfb7 {[%clk 1:00:57]} Rd8
{[%clk 0:19:38]} 40. Ne3 {[%clk 1:01:21]} Kf8 {[%clk 0:19:44]} 41. Nd5 {[%clk
1:01:47]} Ke8 {[%clk 0:19:59]} 42. Nf6+ {[%clk 1:02:09]} Kf8 {[%clk 0:20:24]} 43.
Rf7# {[%clk 1:02:35]} 1-0

[Event "Girls U14 Polish Youth Championship"]
[Site "chess24.com"]
[Date "2018.04.30"]
[Round "2"]
[White "Retz, Agnieszka"]
[Black "Matyjasek, Michalina"]
[Result "0-1"]
[Board "23"]
[WhiteElo "1172"]
[WhiteCountry "POL"]
[WhiteFideId "21819408"]
[WhiteEloChange "-5"]
[BlackElo "1361"]
[BlackCountry "POL"]
[BlackFideId "21816743"]
[BlackEloChange "5"]

1. e4 {[%clk 1:30:57]} c5 {[%clk 1:30:55]} 2. Nf3 {[%clk 1:31:17]} Nc6 {[%clk
1:31:20]} 3. d4 {[%clk 1:31:40]} cxd4 {[%clk 1:31:45]} 4. Nxd4 {[%clk 1:32:03]}
g6 {[%clk 1:32:11]} 5. c4 {[%clk 1:32:26]} Nf6 {[%clk 1:32:33]} 6. Nc3 {[%clk
1:32:42]} d6 {[%clk 1:32:50]} 7. Be2 {[%clk 1:32:28]} Nxd4 {[%clk 1:32:47]} 8.
Qxd4 {[%clk 1:32:38]} Bg7 {[%clk 1:32:48]} 9. Qd3 {[%clk 1:32:30]} O-O {[%clk
1:32:19]} 10. O-O {[%clk 1:31:37]} a5 {[%clk 1:31:57]} 11. a4 {[%clk 1:30:13]}
Be6 {[%clk 1:28:51]} 12. b3 {[%clk 1:25:41]} Nd7 {[%clk 1:24:50]} 13. Bb2 {[%clk
1:22:45]} Nc5 {[%clk 1:23:37]} 14. Qc2 {[%clk 1:22:29]} Qb6 {[%clk 1:22:15]} 15.
Ra3 {[%clk 1:14:50]} Rfc8 {[%clk 1:11:04]} 16. Nd5 {[%clk 1:08:57]} Bxd5 {[%clk
0:58:58]} 17. exd5 {[%clk 1:08:48]} Qb4 {[%clk 0:57:28]} 18. Rfa1 {[%clk
1:06:09]} Bxb2 {[%clk 0:56:16]} 19. Qxb2 {[%clk 1:05:29]} Ra6 {[%clk 0:55:14]}
20. h3 {[%clk 0:58:41]} Rb6 {[%clk 0:54:09]} 21. Bd1 {[%clk 0:54:02]} Ne4 {[%clk
0:37:39]} 22. Bg4 {[%clk 0:44:12]} Rxc4 {[%clk 0:37:20]} 23. Rc1 {[%clk 0:43:52]}
Rxc1+ {[%clk 0:37:03]} 24. Qxc1 {[%clk 0:44:04]} Nc5 {[%clk 0:37:17]} 25. Bd1
{[%clk 0:41:30]} Qe1+ {[%clk 0:36:46]} 26. Kh2 {[%clk 0:39:55]} Qxf2 {[%clk
0:37:04]} 27. Ra1 {[%clk 0:39:26]} Qf5 {[%clk 0:36:02]} 28. Qc2 {[%clk 0:35:54]}
Qe5+ {[%clk 0:36:12]} 29. Kh1 {[%clk 0:35:59]} Qxa1 {[%clk 0:36:38]} 0-1

[Event "Girls U14 Polish Youth Championship"]
[Site "chess24.com"]
[Date "2018.04.30"]
[Round "2"]
[White "Sloniewska, Alicja"]
[Black "Polakowska, Agnieszka"]
[Result "1-0"]
[Board "24"]
[WhiteElo "1360"]
[WhiteCountry "POL"]
[WhiteFideId "21823359"]
[WhiteEloChange "5"]
[BlackElo "1180"]
[BlackCountry "POL"]
[BlackFideId "21800804"]
[BlackEloChange "-5"]

1. d4 {[%clk 1:30:30]} d5 {[%clk 1:30:54]} 2. c4 {[%clk 1:30:33]} e6 {[%clk
1:30:38]} 3. cxd5 {[%clk 1:30:37]} exd5 {[%clk 1:30:52]} 4. Nc3 {[%clk 1:30:30]}
Nf6 {[%clk 1:31:07]} 5. Bg5 {[%clk 1:30:24]} Nbd7 {[%clk 1:30:45]} 6. e3 {[%clk
1:30:18]} c6 {[%clk 1:30:55]} 7. Bd3 {[%clk 1:29:57]} Qa5 {[%clk 1:27:22]} 8. a3
{[%clk 1:28:18]} Bd6 {[%clk 1:26:08]} 9. Nf3 {[%clk 1:27:10]} h6 {[%clk 1:25:52]}
10. Bh4 {[%clk 1:26:23]} O-O {[%clk 1:25:09]} 11. O-O {[%clk 1:25:51]} Qc7 {[%clk
1:25:24]} 12. b4 {[%clk 1:23:25]} a6 {[%clk 1:23:13]} 13. Qc2 {[%clk 1:19:18]}
Re8 {[%clk 1:19:54]} 14. Rfb1 {[%clk 1:15:54]} Be7 {[%clk 1:14:12]} 15. a4 {[%clk
1:12:25]} Nb6 {[%clk 1:04:41]} 16. Ne5 {[%clk 1:00:44]} Nbd7 {[%clk 1:02:50]} 17.
Nxd7 {[%clk 0:59:30]} Nxd7 {[%clk 1:00:54]} 18. Bxe7 {[%clk 0:57:54]} Rxe7 {[%clk
0:46:44]} 19. Nxd5 {[%clk 0:57:52]} Qd6 {[%clk 0:46:37]} 20. Nxe7+ {[%clk
0:57:46]} Qxe7 {[%clk 0:46:51]} 21. Bc4 {[%clk 0:55:54]} Nf6 {[%clk 0:44:49]} 22.
b5 {[%clk 0:55:11]} axb5 {[%clk 0:41:50]} 23. axb5 {[%clk 0:55:35]} Rxa1 {[%clk
0:41:38]} 24. Rxa1 {[%clk 0:56:00]} Bd7 {[%clk 0:41:10]} 25. Ra8+ {[%clk
0:55:17]} Ne8 {[%clk 0:41:14]} 26. bxc6 {[%clk 0:55:31]} Bxc6 {[%clk 0:41:17]}
27. d5 {[%clk 0:54:27]} Bd7 {[%clk 0:41:16]} 28. Qb1 {[%clk 0:53:59]} Qc5 {[%clk
0:40:07]} 29. Be2 {[%clk 0:52:23]} Qxd5 {[%clk 0:40:10]} 30. Bf3 {[%clk 0:52:32]}
Qd6 {[%clk 0:39:48]} 31. Qxb7 {[%clk 0:51:11]} g6 {[%clk 0:39:10]} 32. Rd8 {[%clk
0:50:49]} Qf6 {[%clk 0:37:23]} 33. Qxd7 {[%clk 0:50:42]} Kg7 {[%clk 0:37:22]} 34.
Qxe8 {[%clk 0:50:08]} Qa1+ {[%clk 0:37:04]} 35. Rd1 {[%clk 0:50:33]} Qa5 {[%clk
0:37:13]} 36. Bd5 {[%clk 0:50:15]} Qa7 {[%clk 0:36:50]} 37. Bc4 {[%clk 0:50:13]}
h5 {[%clk 0:36:59]} 38. Rd7 {[%clk 0:49:50]} Qa1+ {[%clk 0:37:13]} 39. Bf1 {[%clk
0:50:10]} Qf6 {[%clk 0:37:38]} 40. f4 {[%clk 0:50:08]} Qf5 {[%clk 0:37:26]} 41.
Rd8 {[%clk 0:50:22]} Qc5 {[%clk 0:35:49]} 42. Qh8# {[%clk 0:50:22]} 1-0

[Event "Girls U14 Polish Youth Championship"]
[Site "chess24.com"]
[Date "2018.04.30"]
[Round "2"]
[White "Gromek, Aleksandra"]
[Black "Cieslak, Jessica"]
[Result "1/2-1/2"]
[Board "25"]
[WhiteElo "1101"]
[WhiteCountry "POL"]
[WhiteFideId "21866619"]
[WhiteEloChange "6"]
[BlackElo "1357"]
[BlackCountry "POL"]
[BlackFideId "21819521"]
[BlackEloChange "-6"]

1. e4 {[%clk 1:30:58]} c6 {[%clk 1:30:54]} 2. Nc3 {[%clk 1:31:21]} d5 {[%clk
1:28:50]} 3. d3 {[%clk 1:28:59]} e5 {[%clk 1:28:16]} 4. g3 {[%clk 1:26:47]} Nf6
{[%clk 1:26:40]} 5. Bg2 {[%clk 1:24:34]} d4 {[%clk 1:23:30]} 6. Nce2 {[%clk
1:22:39]} Be6 {[%clk 1:22:34]} 7. f4 {[%clk 1:15:57]} Bd6 {[%clk 1:18:24]} 8. Nf3
{[%clk 1:10:50]} exf4 {[%clk 1:11:54]} 9. Nxf4 {[%clk 1:08:48]} Bb4+ {[%clk
1:10:34]} 10. Bd2 {[%clk 1:07:09]} Bxd2+ {[%clk 1:07:37]} 11. Qxd2 {[%clk
1:05:40]} Bc8 {[%clk 1:06:21]} 12. O-O {[%clk 1:00:19]} O-O {[%clk 1:05:36]} 13.
Qb4 {[%clk 0:54:14]} Ng4 {[%clk 0:53:28]} 14. Qxd4 {[%clk 0:47:16]} Qxd4+ {[%clk
0:53:39]} 15. Nxd4 {[%clk 0:47:36]} Ne3 {[%clk 0:53:29]} 16. Rf2 {[%clk 0:42:32]}
Nxg2 {[%clk 0:53:05]} 17. Kxg2 {[%clk 0:42:32]} Nd7 {[%clk 0:51:19]} 18. Re1
{[%clk 0:41:02]} Re8 {[%clk 0:47:40]} 19. Nb3 {[%clk 0:36:11]} b6 {[%clk
0:45:33]} 20. Ref1 {[%clk 0:32:35]} Ne5 {[%clk 0:44:30]} 21. Nd4 {[%clk 0:28:42]}
Bb7 {[%clk 0:43:35]} 22. Nh5 {[%clk 0:24:34]} Rad8 {[%clk 0:40:38]} 23. Nf5
{[%clk 0:21:39]} c5 {[%clk 0:32:49]} 24. Nfxg7 {[%clk 0:20:54]} Re7 {[%clk
0:28:43]} 25. Nf5 {[%clk 0:20:31]} Re6 {[%clk 0:28:33]} 26. Nf4 {[%clk 0:20:07]}
Rf6 {[%clk 0:27:31]} 27. Kg1 {[%clk 0:18:28]} Ng4 {[%clk 0:27:12]} 28. Re2 {[%clk
0:17:25]} Re8 {[%clk 0:27:15]} 29. Nh5 {[%clk 0:16:19]} Rg6 {[%clk 0:24:23]} 30.
Nf4 {[%clk 0:15:32]} Rf6 {[%clk 0:24:33]} 31. Nh5 {[%clk 0:15:48]} Rg6 {[%clk
0:24:45]} 32. Nf4 {[%clk 0:15:50]} Rf6 {[%clk 0:24:55]} 33. Nh5 {[%clk 0:15:42]}
Rg6 {[%clk 0:24:10]} 34. Nf4 {[%clk 0:15:59]} Rf6 {[%clk 0:24:21]} 1/2-1/2

[Event "Girls U14 Polish Youth Championship"]
[Site "chess24.com"]
[Date "2018.04.30"]
[Round "2"]
[White "Nowak, Roksana"]
[Black "Kot, Ewelina"]
[Result "1/2-1/2"]
[Board "26"]
[WhiteElo "1352"]
[WhiteCountry "POL"]
[WhiteFideId "21847991"]
[WhiteEloChange "-5"]
[BlackElo "1148"]
[BlackCountry "POL"]
[BlackFideId "21871566"]
[BlackEloChange "5"]

1. f4 {[%clk 1:30:58]} d5 {[%clk 1:30:44]} 2. Nf3 {[%clk 1:31:23]} Nf6 {[%clk
1:30:37]} 3. e3 {[%clk 1:31:45]} Bf5 {[%clk 1:29:47]} 4. b3 {[%clk 1:32:01]} e6
{[%clk 1:28:48]} 5. Bb2 {[%clk 1:32:25]} c5 {[%clk 1:27:11]} 6. Bb5+ {[%clk
1:32:39]} Nbd7 {[%clk 1:27:18]} 7. O-O {[%clk 1:32:26]} a6 {[%clk 1:27:34]} 8.
Bxd7+ {[%clk 1:32:49]} Nxd7 {[%clk 1:27:50]} 9. d3 {[%clk 1:33:03]} Nf6 {[%clk
1:22:33]} 10. Qe1 {[%clk 1:33:10]} Be7 {[%clk 1:17:49]} 11. Nbd2 {[%clk 1:33:32]}
Qb6 {[%clk 1:16:56]} 12. Ne5 {[%clk 1:32:14]} d4 {[%clk 1:12:26]} 13. Ndc4 {[%clk
1:22:23]} Qd8 {[%clk 1:04:00]} 14. Qf2 {[%clk 1:15:28]} b5 {[%clk 1:01:34]} 15.
Nd2 {[%clk 1:13:18]} dxe3 {[%clk 1:00:17]} 16. Qxe3 {[%clk 1:13:24]} Rc8 {[%clk
0:59:52]} 17. Qe2 {[%clk 1:10:02]} Qb6 {[%clk 0:58:27]} 18. Kh1 {[%clk 1:09:20]}
Qb7 {[%clk 0:56:12]} 19. Kg1 {[%clk 1:01:18]} Qb6 {[%clk 0:52:17]} 20. Qf2 {[%clk
1:01:19]} Bd8 {[%clk 0:44:50]} 21. c4 {[%clk 0:54:37]} bxc4 {[%clk 0:43:58]} 22.
Ndxc4 {[%clk 0:54:11]} Qc7 {[%clk 0:42:21]} 23. Rad1 {[%clk 0:53:28]} Nd5 {[%clk
0:39:43]} 24. Ne3 {[%clk 0:45:43]} Nxe3 {[%clk 0:39:17]} 25. Qxe3 {[%clk
0:46:03]} Bf6 {[%clk 0:34:41]} 26. Nc4 {[%clk 0:40:04]} Bxb2 {[%clk 0:34:21]} 27.
Nxb2 {[%clk 0:40:28]} Qd6 {[%clk 0:33:32]} 28. Nc4 {[%clk 0:40:35]} Qc7 {[%clk
0:31:49]} 29. Qe2 {[%clk 0:39:30]} h5 {[%clk 0:31:14]} 30. h3 {[%clk 0:39:46]}
Rd8 {[%clk 0:29:21]} 31. Ne3 {[%clk 0:35:15]} g6 {[%clk 0:20:06]} 32. Nxf5 {[%clk
0:34:26]} gxf5 {[%clk 0:20:22]} 33. Qe5 {[%clk 0:33:42]} Qxe5 {[%clk 0:20:35]}
34. fxe5 {[%clk 0:34:05]} Rd5 {[%clk 0:20:45]} 35. Rfe1 {[%clk 0:34:17]} Ke7
{[%clk 0:20:55]} 36. Kf2 {[%clk 0:31:21]} Rg8 {[%clk 0:19:36]} 37. Re3 {[%clk
0:29:46]} Rg5 {[%clk 0:19:06]} 38. g3 {[%clk 0:29:37]} Rd4 {[%clk 0:18:09]} 39.
Rf3 {[%clk 0:28:27]} Rd5 {[%clk 0:16:25]} 40. Rf4 {[%clk 0:26:05]} Rg8 {[%clk
0:14:30]} 41. Ra4 {[%clk 0:22:13]} Ra8 {[%clk 0:14:30]} 1/2-1/2

[Event "Girls U14 Polish Youth Championship"]
[Site "chess24.com"]
[Date "2018.04.30"]
[Round "3"]
[White "Dylag, Emilia"]
[Black "Mirowska, Oliwia"]
[Result "0-1"]
[Board "1"]
[WhiteElo "1871"]
[WhiteCountry "POL"]
[WhiteFideId "21805172"]
[WhiteEloChange "-18"]
[BlackElo "1492"]
[BlackCountry "POL"]
[BlackFideId "21807574"]
[BlackEloChange "18"]

1. d4 {[%clk 1:30:51]} d6 {[%clk 1:30:48]} 2. c4 {[%clk 1:30:42]} e5 {[%clk
1:31:01]} 3. d5 {[%clk 1:29:31]} f5 {[%clk 1:30:27]} 4. Nc3 {[%clk 1:28:48]} Nf6
{[%clk 1:28:41]} 5. Qc2 {[%clk 1:25:51]} g6 {[%clk 1:27:29]} 6. e4 {[%clk
1:18:45]} fxe4 {[%clk 1:22:24]} 7. Nxe4 {[%clk 1:18:50]} Bf5 {[%clk 1:21:37]} 8.
Nxf6+ {[%clk 1:16:27]} Qxf6 {[%clk 1:21:56]} 9. Qb3 {[%clk 1:15:46]} b6 {[%clk
1:16:45]} 10. Be2 {[%clk 1:14:34]} Bg7 {[%clk 1:16:59]} 11. Be3 {[%clk 1:11:25]}
O-O {[%clk 1:13:25]} 12. h4 {[%clk 1:10:02]} h5 {[%clk 1:04:46]} 13. O-O-O {[%clk
1:04:10]} a5 {[%clk 1:04:11]} 14. f3 {[%clk 0:57:48]} Na6 {[%clk 0:58:37]} 15. g4
{[%clk 0:57:48]} hxg4 {[%clk 0:57:41]} 16. fxg4 {[%clk 0:55:30]} Be4 {[%clk
0:57:27]} 17. Rh2 {[%clk 0:55:49]} Nb4 {[%clk 0:57:02]} 18. Bf1 {[%clk 0:40:51]}
Bf3 {[%clk 0:46:12]} 19. Nxf3 {[%clk 0:31:45]} Qxf3 {[%clk 0:46:32]} 20. a3
{[%clk 0:30:01]} a4 {[%clk 0:41:00]} 21. Qxb4 {[%clk 0:30:13]} Qxe3+ {[%clk
0:41:18]} 22. Qd2 {[%clk 0:30:34]} Qb3 {[%clk 0:38:30]} 23. h5 {[%clk 0:28:27]}
Rxf1 {[%clk 0:37:08]} 24. Rh1 {[%clk 0:26:48]} Qxc4+ {[%clk 0:35:52]} 25. Qc2
{[%clk 0:26:43]} Qxc2+ {[%clk 0:35:01]} 26. Kxc2 {[%clk 0:27:09]} Rxd1 {[%clk
0:35:21]} 27. Kxd1 {[%clk 0:27:31]} gxh5 {[%clk 0:35:32]} 28. gxh5 {[%clk
0:27:54]} Ra5 {[%clk 0:35:09]} 29. h6 {[%clk 0:27:44]} Rxd5+ {[%clk 0:35:26]} 30.
Kc2 {[%clk 0:28:09]} Bh8 {[%clk 0:35:07]} 0-1

[Event "Girls U14 Polish Youth Championship"]
[Site "chess24.com"]
[Date "2018.04.30"]
[Round "3"]
[White "Zarebska, Lena"]
[Black "Wawrzyniak, Weronika"]
[Result "1/2-1/2"]
[Board "2"]
[WhiteElo "1754"]
[WhiteCountry "POL"]
[WhiteFideId "21807698"]
[WhiteEloChange "-8"]
[BlackElo "1377"]
[BlackCountry "POL"]
[BlackFideId "21817596"]
[BlackEloChange "8"]

1. e4 {[%clk 1:30:58]} c5 {[%clk 1:30:44]} 2. c4 {[%clk 1:30:44]} Nc6 {[%clk
1:28:38]} 3. Ne2 {[%clk 1:30:15]} e6 {[%clk 1:27:06]} 4. Nbc3 {[%clk 1:30:02]}
Nge7 {[%clk 1:23:34]} 5. g3 {[%clk 1:21:20]} g6 {[%clk 1:21:03]} 6. Bg2 {[%clk
1:21:17]} Bg7 {[%clk 1:21:21]} 7. O-O {[%clk 1:21:25]} O-O {[%clk 1:21:28]} 8. d3
{[%clk 1:21:44]} d6 {[%clk 1:20:53]} 9. Be3 {[%clk 1:20:45]} f5 {[%clk 1:18:26]}
10. f4 {[%clk 1:15:46]} Rb8 {[%clk 1:08:58]} 11. a4 {[%clk 0:59:55]} b6 {[%clk
1:08:16]} 12. h3 {[%clk 0:59:28]} e5 {[%clk 1:03:54]} 13. Kh2 {[%clk 0:53:43]}
Be6 {[%clk 1:01:01]} 14. Rb1 {[%clk 0:45:28]} Qd7 {[%clk 0:59:43]} 15. Qd2 {[%clk
0:42:54]} a6 {[%clk 0:56:21]} 16. Ng1 {[%clk 0:34:30]} exf4 {[%clk 0:50:43]} 17.
Bxf4 {[%clk 0:33:14]} Nd4 {[%clk 0:50:16]} 18. Nf3 {[%clk 0:27:38]} Nxf3+ {[%clk
0:47:45]} 19. Rxf3 {[%clk 0:27:56]} Nc6 {[%clk 0:48:07]} 20. exf5 {[%clk
0:25:07]} Bxf5 {[%clk 0:47:45]} 21. Re1 {[%clk 0:24:30]} Rbe8 {[%clk 0:46:19]}
22. Rfe3 {[%clk 0:23:25]} Rxe3 {[%clk 0:43:55]} 23. Qxe3 {[%clk 0:22:15]} Bd4
{[%clk 0:42:51]} 24. Qe2 {[%clk 0:18:45]} Nb4 {[%clk 0:39:56]} 25. Ne4 {[%clk
0:17:43]} d5 {[%clk 0:37:27]} 26. cxd5 {[%clk 0:11:52]} Nxd5 {[%clk 0:37:33]} 27.
Bh6 {[%clk 0:11:56]} Bg7 {[%clk 0:36:16]} 28. Bxg7 {[%clk 0:11:44]} Kxg7 {[%clk
0:36:17]} 29. Ng5 {[%clk 0:11:49]} h6 {[%clk 0:32:36]} 30. Bxd5 {[%clk 0:09:30]}
hxg5 {[%clk 0:32:41]} 31. Qe5+ {[%clk 0:09:42]} Kh6 {[%clk 0:31:58]} 32. h4
{[%clk 0:05:46]} gxh4 {[%clk 0:30:04]} 33. gxh4 {[%clk 0:06:13]} Rd8 {[%clk
0:29:35]} 34. Qe3+ {[%clk 0:04:37]} Kg7 {[%clk 0:29:07]} 35. Bc4 {[%clk 0:01:27]}
Qd6+ {[%clk 0:26:43]} 36. Kg2 {[%clk 0:01:42]} a5 {[%clk 0:25:37]} 37. b3 {[%clk
0:00:47]} Qf6 {[%clk 0:24:17]} 38. Qg3 {[%clk 0:00:36]} Rd4 {[%clk 0:22:19]} 39.
Qc7+ {[%clk 0:00:45]} Kh6 {[%clk 0:21:47]} 40. Re3 {[%clk 0:00:39]} Rg4+ {[%clk
0:18:37]} 41. Rg3 {[%clk 0:01:00]} Qxh4 {[%clk 0:17:37]} 42. Rxg4 {[%clk
0:01:12]} Qxg4+ {[%clk 0:18:05]} 43. Kf2 {[%clk 0:01:32]} Qd4+ {[%clk 0:18:03]}
44. Kg2 {[%clk 0:01:19]} Qg4+ {[%clk 0:15:51]} 45. Kf2 {[%clk 0:01:42]} Qh4+
{[%clk 0:15:55]} 46. Ke2 {[%clk 0:01:10]} Bg4+ {[%clk 0:15:16]} 47. Ke3 {[%clk
0:00:45]} Qh3+ {[%clk 0:15:21]} 48. Kd2 {[%clk 0:00:46]} Qg2+ {[%clk 0:14:58]}
49. Kc1 {[%clk 0:00:44]} Qf1+ {[%clk 0:14:50]} 50. Kb2 {[%clk 0:00:52]} Qf6+
{[%clk 0:14:56]} 51. Kb1 {[%clk 0:01:16]} Kg5 {[%clk 0:14:46]} 52. Qg3 {[%clk
0:00:46]} Qf1+ {[%clk 0:13:17]} 53. Ka2 {[%clk 0:00:47]} Qf4 {[%clk 0:13:21]} 54.
Qe1 {[%clk 0:00:49]} Qh2+ {[%clk 0:13:12]} 55. Kb1 {[%clk 0:01:02]} Qf4 {[%clk
0:12:19]} 56. Qe7+ {[%clk 0:00:48]} Qf6 {[%clk 0:12:17]} 57. Qe3+ {[%clk
0:00:54]} Kh5 {[%clk 0:12:16]} 58. Qe1 {[%clk 0:00:49]} Qf3 {[%clk 0:11:57]} 59.
Qe5+ {[%clk 0:00:58]} Qf5 {[%clk 0:11:48]} 60. Qh8+ {[%clk 0:00:46]} Kg5 {[%clk
0:12:10]} 61. Qd8+ {[%clk 0:01:05]} Qf6 {[%clk 0:12:15]} 62. Qd5+ {[%clk
0:01:02]} Kf4 {[%clk 0:11:11]} 63. Qe4+ {[%clk 0:00:37]} Kg3 {[%clk 0:11:22]} 64.
Qe3+ {[%clk 0:00:35]} Kg2 {[%clk 0:10:11]} 65. Bd5+ {[%clk 0:00:31]} Kf1 {[%clk
0:06:40]} 66. Qg3 {[%clk 0:00:33]} Qd4 {[%clk 0:04:27]} 67. Be4 {[%clk 0:00:35]}
Bf5 {[%clk 0:03:19]} 1/2-1/2

[Event "Girls U14 Polish Youth Championship"]
[Site "chess24.com"]
[Date "2018.04.30"]
[Round "3"]
[White "Mytnik, Kinga"]
[Black "Adamczyk, Zuzanna"]
[Result "0-1"]
[Board "3"]
[WhiteElo "1334"]
[WhiteCountry "POL"]
[WhiteFideId "21819572"]
[WhiteEloChange "-2"]
[BlackElo "1741"]
[BlackCountry "POL"]
[BlackFideId "1187570"]
[BlackEloChange "2"]

1. e4 {[%clk 1:30:57]} c5 {[%clk 1:30:41]} 2. b3 {[%clk 1:31:13]} e6 {[%clk
1:24:27]} 3. Bb2 {[%clk 1:30:35]} b6 {[%clk 1:23:47]} 4. Nf3 {[%clk 1:28:30]} Bb7
{[%clk 1:22:21]} 5. Nc3 {[%clk 1:27:14]} Nc6 {[%clk 1:18:50]} 6. d3 {[%clk
1:23:56]} d6 {[%clk 1:11:41]} 7. Ne2 {[%clk 1:13:08]} Nf6 {[%clk 1:00:31]} 8. Ng3
{[%clk 1:08:55]} e5 {[%clk 0:54:17]} 9. Be2 {[%clk 1:06:54]} g6 {[%clk 0:54:03]}
10. Bc1 {[%clk 1:03:45]} Bg7 {[%clk 0:53:45]} 11. O-O {[%clk 1:02:09]} O-O {[%clk
0:47:43]} 12. c3 {[%clk 0:57:22]} d5 {[%clk 0:46:27]} 13. Bg5 {[%clk 0:54:37]} h6
{[%clk 0:41:44]} 14. Bxf6 {[%clk 0:51:47]} Bxf6 {[%clk 0:41:56]} 15. Qd2 {[%clk
0:49:52]} Bg7 {[%clk 0:41:12]} 16. Rad1 {[%clk 0:45:08]} Ne7 {[%clk 0:34:52]} 17.
Rfe1 {[%clk 0:24:25]} f5 {[%clk 0:26:47]} 18. exf5 {[%clk 0:23:00]} Nxf5 {[%clk
0:25:35]} 19. Nxf5 {[%clk 0:22:34]} gxf5 {[%clk 0:25:30]} 20. d4 {[%clk 0:19:05]}
e4 {[%clk 0:23:10]} 21. Ne5 {[%clk 0:19:20]} Bxe5 {[%clk 0:21:31]} 22. dxe5
{[%clk 0:19:45]} f4 {[%clk 0:20:40]} 23. g3 {[%clk 0:16:37]} Qg5 {[%clk 0:20:09]}
24. Kh1 {[%clk 0:14:06]} e3 {[%clk 0:16:12]} 25. fxe3 {[%clk 0:07:26]} fxg3
{[%clk 0:08:58]} 26. e4 {[%clk 0:05:45]} Qh4 {[%clk 0:08:30]} 27. Bf3 {[%clk
0:01:58]} Rxf3 {[%clk 0:08:02]} 28. Re2 {[%clk 0:02:18]} Raf8 {[%clk 0:07:07]}
29. Rg1 {[%clk 0:02:08]} Kh8 {[%clk 0:06:30]} 30. e6 {[%clk 0:01:40]} Rf2 {[%clk
0:05:42]} 31. Rg2 {[%clk 0:01:27]} Rf1+ {[%clk 0:05:59]} 32. Rg1 {[%clk 0:01:53]}
R8f2 {[%clk 0:06:12]} 33. Rxf2 {[%clk 0:01:23]} Rxf2 {[%clk 0:06:35]} 0-1

[Event "Girls U14 Polish Youth Championship"]
[Site "chess24.com"]
[Date "2018.04.30"]
[Round "3"]
[White "Krzyzosiak, Anna"]
[Black "Mrozek, Zofia"]
[Result "1-0"]
[Board "4"]
[WhiteElo "1552"]
[WhiteCountry "POL"]
[WhiteFideId "21820430"]
[WhiteEloChange "3"]
[BlackElo "1234"]
[BlackCountry "POL"]
[BlackFideId "21855986"]
[BlackEloChange "-3"]

1. e4 {[%clk 1:30:30]} c5 {[%clk 1:30:30]} 2. Nf3 {[%clk 1:30:30]} d6 {[%clk
1:30:30]} 3. d4 {[%clk 1:30:30]} cxd4 {[%clk 1:30:30]} 4. Nxd4 {[%clk 1:30:30]}
Nf6 {[%clk 1:30:30]} 5. Nc3 {[%clk 1:30:30]} g6 {[%clk 1:30:30]} 6. Bg5 {[%clk
1:30:30]} Bg7 {[%clk 1:30:30]} 7. Bb5+ {[%clk 1:30:30]} Bd7 {[%clk 1:30:30]} 8.
Qe2 {[%clk 1:30:30]} O-O {[%clk 1:30:30]} 9. O-O-O {[%clk 1:30:30]} a6 {[%clk
1:30:30]} 10. Bxd7 {[%clk 1:30:30]} Qxd7 {[%clk 1:30:30]} 11. f4 {[%clk 1:30:30]}
Nc6 {[%clk 1:30:30]} 12. h3 {[%clk 1:30:30]} Rac8 {[%clk 1:30:30]} 13. g4 {[%clk
1:30:30]} b5 {[%clk 1:30:30]} 14. Nxc6 {[%clk 1:30:30]} Rxc6 {[%clk 1:30:30]} 15.
e5 {[%clk 1:30:30]} Ne8 {[%clk 1:30:30]} 16. Nd5 {[%clk 1:30:30]} Kh8 {[%clk
1:30:30]} 17. Bxe7 {[%clk 1:30:30]} Rg8 {[%clk 1:30:30]} 18. exd6 {[%clk
1:30:30]} Nxd6 {[%clk 1:30:30]} 19. Nf6 {[%clk 1:30:30]} Qc7 {[%clk 1:30:30]} 20.
Bxd6 {[%clk 1:30:30]} Rxd6 {[%clk 1:30:30]} 21. Nxg8 {[%clk 1:30:30]} Kxg8 {[%clk
1:30:30]} 22. Rxd6 {[%clk 1:30:30]} Qxd6 {[%clk 1:30:30]} 23. Qe4 {[%clk
1:30:30]} Qb6 {[%clk 1:30:30]} 24. Re1 {[%clk 1:30:30]} Qd6 {[%clk 1:30:30]} 25.
Qe8+ {[%clk 1:30:30]} Bf8 {[%clk 1:30:30]} 26. Qe5 {[%clk 1:30:30]} Qb4 {[%clk
1:30:30]} 27. Re4 {[%clk 1:30:30]} Qa5 {[%clk 1:30:30]} 28. Qb8 {[%clk 1:30:30]}
Kg7 {[%clk 1:30:30]} 29. Re8 {[%clk 1:30:30]} Bc5 {[%clk 1:30:30]} 30. Qe5+
{[%clk 1:30:30]} f6 {[%clk 1:30:30]} 31. Qxc5 {[%clk 1:30:30]} Kh6 {[%clk
1:30:30]} 32. Qf8# {[%clk 1:30:54]} 1-0